Fisiología de los ejercicios corporales /

Guardado en:
Autor Principal: Lagrange, Fernando
Formato: Libro
Publicado: España : G. Juste, 1895
Materias:
Etiquetas: Agregar Etiqueta
Sin Etiquetas, Sea el primero en etiquetar este registro!
LEADER 00444nam a22001575a 4500
001 CEM.cems003698
005 19000101000000.0
008 130507s1895##################000#0#####d
003 CEMS
082 0 4 |a 612.37173 
100 1 |a Lagrange, Fernando 
245 1 0 |a Fisiología de los ejercicios corporales / 
260 |a España :  |b G. Juste,  |c 1895 
300 |a 379 p. 
653 |a Fisiologia 
859 |a CEMS  |b BIB. CEMS - 11 de abril  |h 612.37173  |i L128  |p 10502.81  |t Ej.1